[Event "Campeonato de España Absoluto"]
[Site "Ayamonte ESP"]
[Date "2007.11.09"]
[Round "1.11"]
[White "Fernandez Siles, Luis"]
[Black "Illescas Cordoba, Miguel"]
[Result "0-1"]
[WhiteElo "2310"]
[BlackElo "2598"]
[PlyCount "60"]
[EventDate "2007.11.09"]
[EventType "k.o."]
[EventCountry "ESP"]
[Source "lmi"]
[SourceDate "2007.11.09"]

1. d4 Nf6 2. c4 e6 3. Nc3 Bb4 4. e3 b6 5. Nge2 Ba6 6. a3 Bxc3+ 7. Nxc3 d5 8. b3
O-O 9. Bd3 c5 10. dxc5 bxc5 11. O-O Nc6 12. cxd5 Bxd3 13. Qxd3 exd5 14. Na4 c4
15. Qc2 Na5 16. bxc4 Nxc4 17. Bb2 Rc8 18. Qe2 Nxb2 19. Nxb2 Qa5 20. a4 Rc3 21.
Rfc1 Rfc8 22. Rxc3 Qxc3 23. Rd1 Qb3 24. h3 h6 25. Rd3 Qa2 26. Rd1 Qb3 27. Rd3
Rc1+ 28. Kh2 Qa2 29. f3 Nh5 30. Rd4 Rh1+ 0-1

[Event "Campeonato de España Absoluto"]
[Site "Ayamonte ESP"]
[Date "2007.11.09"]
[Round "1.12"]
[White "Moreno Ruiz, Javier"]
[Black "Gomez Esteban, Juan Mario"]
[Result "1-0"]
[WhiteElo "2466"]
[BlackElo "2490"]
[PlyCount "72"]
[EventDate "2007.11.09"]
[EventType "k.o."]
[EventCountry "ESP"]
[Source "lmi"]
[SourceDate "2007.11.09"]

1. d4 d5 2. c4 e6 3. Nc3 Be7 4. cxd5 exd5 5. Bf4 c6 6. Qc2 Nf6 7. e3 Nbd7 8. h3
Nf8 9. Nf3 Ng6 10. Bh2 Bd6 11. Ne5 Qe7 12. f4 O-O 13. Bd3 c5 14. O-O a6 15. g4
cxd4 16. exd4 Bb8 17. g5 Ne8 18. Nxd5 Qd8 19. Bc4 Bxh3 20. Rf3 Be6 21. Ne3 Bxc4
22. Qxc4 Ba7 23. Rd1 Nd6 24. Qd3 Nb5 25. d5 Nd4 26. Rh3 Re8 27. Kh1 Rc8 28. Qe4
Nb5 29. N3g4 Nd6 30. Qd3 Nf8 31. Bg1 Bxg1 32. Rxg1 Rc5 33. Nf6+ gxf6 34. gxf6+
Ng6 35. Nxg6 fxg6 36. Rxg6+ Kf7 1-0

[Event "Campeonato de España Absoluto"]
[Site "Ayamonte ESP"]
[Date "2007.11.09"]
[Round "1.13"]
[White "Lariño Nieto, David"]
[Black "San Segundo Carrillo, Pablo"]
[Result "0-1"]
[WhiteElo "2428"]
[BlackElo "2536"]
[PlyCount "72"]
[EventDate "2007.11.09"]
[EventType "k.o."]
[EventCountry "ESP"]
[Source "lmi"]
[SourceDate "2007.11.09"]

1. e4 c6 2. d4 d5 3. e5 Bf5 4. Be3 Qb6 5. b3 e6 6. Nf3 c5 7. Nc3 Qa5 8. Bd2 Qd8
9. Bb5+ Nd7 10. Na4 Bg4 11. dxc5 Ne7 12. h3 Bxf3 13. Qxf3 Nc6 14. Qe3 Qc7 15.
f4 a6 16. Bd3 d4 17. Qg3 a5 18. O-O g6 19. Kh1 Nxc5 20. Bb5 Nxa4 21. Bxa4 Bc5
22. f5 gxf5 23. Qg5 Be7 24. Qg7 Rf8 25. c3 d3 26. Rf4 O-O-O 27. Rc4 Rd5 28. b4
b5 29. Bxb5 Rxb5 30. a4 Rd5 31. Bg5 Qxe5 32. Qh6 Kd7 33. b5 Nd8 34. b6 Bxg5 35.
Qxg5 Nc6 36. Rd1 d2 0-1

[Event "Campeonato de España Absoluto"]
[Site "Ayamonte ESP"]
[Date "2007.11.09"]
[Round "1.14"]
[White "Andres Gonzalez, Alberto"]
[Black "Narciso Dublan, Marc"]
[Result "1-0"]
[WhiteElo "2435"]
[BlackElo "2546"]
[PlyCount "93"]
[EventDate "2007.11.09"]
[EventType "k.o."]
[EventCountry "ESP"]
[Source "lmi"]
[SourceDate "2007.11.09"]

1. e4 e5 2. Nf3 Nc6 3. Nc3 Nf6 4. a3 Be7 5. d4 exd4 6. Nxd4 O-O 7. Be2 d5 8.
exd5 Nxd5 9. Nxc6 bxc6 10. Ne4 Bf5 11. Ng3 Bg6 12. O-O Qd6 13. Bd3 Rfd8 14. Qf3
Bxd3 15. Qxd3 Qc5 16. Ne4 Qb5 17. c4 Qa6 18. Qc2 Nb6 19. b3 Nd7 20. Bb2 Nf8 21.
Rfe1 Ne6 22. Ng3 Bf8 23. Nf5 c5 24. Rad1 Rxd1 25. Rxd1 Rd8 26. Rxd8 Nxd8 27.
Qd2 Qg6 28. Qd5 Ne6 29. g3 h5 30. h4 Qg4 31. Qe5 Kh7 32. Kg2 Bd6 33. Nxd6 cxd6
34. f3 Qg6 35. Qe4 f5 36. Qc2 f4 37. Qxg6+ Kxg6 38. g4 Nd4 39. Bxd4 cxd4 40.
gxh5+ Kxh5 41. b4 Kxh4 42. c5 dxc5 43. bxc5 d3 44. Kf2 g5 45. c6 g4 46. c7 g3+
47. Kg2 1-0

[Event "Campeonato de España Absoluto"]
[Site "Ayamonte ESP"]
[Date "2007.11.09"]
[Round "1.16"]
[White "Llaneza Vega, Marcos"]
[Black "Oms Pallise, Josep"]
[Result "0-1"]
[WhiteElo "2426"]
[BlackElo "2506"]
[PlyCount "266"]
[EventDate "2007.11.09"]
[EventType "k.o."]
[EventCountry "ESP"]
[Source "lmi"]
[SourceDate "2007.11.09"]

1. e4 e5 2. Nf3 Nc6 3. Bb5 Nf6 4. O-O Nxe4 5. d4 Nd6 6. Bxc6 dxc6 7. dxe5 Nf5
8. Qe2 Nd4 9. Qd1 Nxf3+ 10. Qxf3 Qh4 11. Re1 Qg4 12. Qe3 Qg6 13. c4 Be6 14. b3
b6 15. Nc3 O-O-O 16. Ne4 Bb4 17. Bd2 Bxd2 18. Nxd2 Qd3 19. Ne4 Qxe3 20. Rxe3 h6
21. h4 Rd4 22. Rae1 Rhd8 23. f3 a5 24. a4 c5 25. Kf2 Bf5 26. g4 Be6 27. Kg3 h5
28. Ng5 Kd7 29. gxh5 Ke7 30. Nxe6 Kxe6 31. f4 Rh8 32. Kg4 g6 33. hxg6 fxg6 34.
Kg5 Rdd8 35. Rg1 Rdf8 36. Rd1 Rf5+ 37. Kg4 Rhf8 38. Rf3 Rh8 39. Rh3 Rhf8 40.
Rf3 Rh8 41. Rd5 Rhf8 42. Rf2 R5f7 43. Rf3 Rf5 44. Rd2 Rh8 45. Rg3 Ke7 46. Rgd3
Rhf8 47. Rf3 Ke6 48. Rg2 R8f7 49. Kh3 Rxf4 50. Rxf4 Rxf4 51. Rxg6+ Kxe5 52. Rg4
Rd4 53. h5 Kf5 54. h6 Rd1 55. Rg7 Rh1+ 56. Kg3 Rxh6 57. Rxc7 Rd6 58. Kf2 Rd2+
59. Ke3 Rb2 60. Rc6 Rxb3+ 61. Kd2 Ke5 62. Rh6 Ra3 63. Rxb6 Kd4 64. Kc2 Rxa4 65.
Rh6 Kxc4 66. Rh4+ Kb5 67. Rh8 Rg4 68. Rb8+ Kc4 69. Kb2 Rg3 70. Rb7 a4 71. Rc7
Rb3+ 72. Kc2 Rb6 73. Rc8 a3 74. Ra8 Rb2+ 75. Kc1 Rb3 76. Kc2 Rb2+ 77. Kc1 Kb3
78. Rb8+ Kc3 79. Rh8 Rg2 80. Kb1 c4 81. Ra8 Kb3 82. Rb8+ Kc3 83. Ra8 Rb2+ 84.
Kc1 Rb3 85. Ra7 Kb4 86. Rb7+ Kc5 87. Ra7 Rh3 88. Kb1 Kd4 89. Ra8 Rg3 90. Ra7
Rd3 91. Ra4 Rb3+ 92. Kc2 Kc5 93. Ra8 Rb2+ 94. Kc3 Rb3+ 95. Kc2 Rg3 96. Rc8+ Kd5
97. Rd8+ Ke6 98. Ra8 Rd3 99. Ra4 Kd5 100. Ra8 Re3 101. Rd8+ Ke4 102. Rc8 Kd4
103. Rd8+ Kc5 104. Rc8+ Kb5 105. Rb8+ Ka5 106. Ra8+ Kb6 107. Ra4 Kb5 108. Ra8
Kb6 109. Ra4 Kc5 110. Kc1 Rh3 111. Kb1 Kd4 112. Ra8 Kd3 113. Rd8+ Kc3 114. Rd1
Kb3 115. Rc1 Rh2 116. Ka1 Ra2+ 117. Kb1 Rb2+ 118. Ka1 Rg2 119. Rb1+ Kc3 120.
Rc1+ Rc2 121. Rh1 Kb3 122. Rb1+ Rb2 123. Rc1 Re2 124. Rb1+ Kc2 125. Rc1+ Kd3
126. Rd1+ Rd2 127. Rh1 c3 128. Rh3+ Kc4 129. Rh8 c2 130. Rc8+ Kd3 131. Rd8+ Ke2
132. Re8+ Kd1 133. Rc8 Rd7 0-1

[Event "Campeonato de España Absoluto"]
[Site "Ayamonte ESP"]
[Date "2007.11.09"]
[Round "1.17"]
[White "Llanes Hurtado, Miguel"]
[Black "Del Rio Angelis, Salvador Gabriel"]
[Result "1/2-1/2"]
[WhiteElo "2459"]
[BlackElo "2512"]
[PlyCount "126"]
[EventDate "2007.11.09"]
[EventType "k.o."]
[EventCountry "ESP"]
[Source "lmi"]
[SourceDate "2007.11.09"]

1. d4 Nf6 2. c4 e6 3. Nf3 c5 4. d5 exd5 5. cxd5 g6 6. Nc3 Bg7 7. Bf4 d6 8. Qa4+
Bd7 9. Qb3 b5 10. Bxd6 Qb6 11. Be5 O-O 12. e3 c4 13. Qd1 b4 14. Nb1 Bb5 15. a4
Ba6 16. Nbd2 c3 17. bxc3 Nxd5 18. Bxg7 Kxg7 19. cxb4 Re8 20. b5 Nc3 21. Nc4
Nxd1 22. Nxb6 axb6 23. Rxd1 Bb7 24. Rd4 Re4 25. Bd3 Rxd4 26. Nxd4 Rxa4 27. O-O
Nd7 28. Bc2 Ra3 29. e4 Nc5 30. f3 Bc8 31. Rd1 Bd7 32. Rb1 Ra2 33. Bb3 Rd2 34.
Nc6 f5 35. Bd5 Nd3 36. g3 fxe4 37. Bxe4 Nc5 38. Ne5 Be6 39. Bc6 g5 40. Ng4 Bxg4
41. fxg4 Rd4 42. Ra1 Ra4 43. Rd1 Rxg4 44. Rd8 Rb4 45. Rb8 Na4 46. Rb7+ Kh8 47.
Kf2 h6 48. Ke3 Kg8 49. Ra7 Nc3 50. Ra6 Na4 51. Be4 Nc3 52. Bc6 Na4 53. Kd2 Kg7
54. Bf3 Rb2+ 55. Ke3 Nc3 56. Bc6 Nxb5 57. Rxb6 Rb3+ 58. Kd2 Nd4 59. Rxb3 Nxb3+
60. Kc3 Nc5 61. Kd4 Ne6+ 62. Ke5 Nf8 63. Kf5 Nh7 1/2-1/2

[Event "Campeonato de España Absoluto"]
[Site "Ayamonte ESP"]
[Date "2007.11.09"]
[Round "1.18"]
[White "Huerga Leache, Mikel"]
[Black "Khamrakulov, Ibragim S"]
[Result "0-1"]
[WhiteElo "2440"]
[BlackElo "2604"]
[PlyCount "160"]
[EventDate "2007.11.09"]
[EventType "k.o."]
[EventCountry "ESP"]
[Source "lmi"]
[SourceDate "2007.11.09"]

1. e4 c6 2. Nc3 d5 3. d4 dxe4 4. Nxe4 Nd7 5. Ng5 Ngf6 6. Bd3 e6 7. Qe2 Bd6 8.
N1f3 h6 9. Ne4 Nxe4 10. Qxe4 Nf6 11. Qe2 Qc7 12. Bd2 b6 13. O-O-O Bb7 14. Kb1
O-O-O 15. c4 Kb8 16. Bc3 c5 17. Ne5 cxd4 18. Bxd4 Bc5 19. Bc3 a5 20. f4 Bb4 21.
Bxb4 axb4 22. Bc2 g5 23. fxg5 hxg5 24. Nd3 Rxh2 25. Rxh2 Qxh2 26. Qf2 Ng4 27.
Qxb6 Qd6 28. Qxd6+ Rxd6 29. Nxb4 Rxd1+ 30. Bxd1 Ne3 31. Kc1 Bxg2 32. Be2 f5 33.
Kd2 f4 34. c5 e5 35. Bh5 e4 36. Nc6+ Kc7 37. Nd4 Bh3 38. b4 Nc4+ 39. Ke2 Ne5
40. a3 Bd7 41. b5 g4 42. a4 g3 43. c6 Bh3 44. a5 f3+ 45. Nxf3 exf3+ 46. Bxf3 g2
47. b6+ Kd6 48. b7 Kc7 49. Bxg2 Bxg2 50. a6 Nxc6 51. a7 Kxb7 52. a8=Q+ Kxa8 53.
Kf2 Bd5 54. Ke3 Kb7 55. Kf4 Kc7 56. Ke3 Kd6 57. Kd3 Ke5 58. Kc3 Ke4 59. Kc2 Kd4
60. Kb2 Kd3 61. Ka1 Kc3 62. Kb1 Nd4 63. Ka1 Nc2+ 64. Kb1 Bc4 65. Kc1 Ba2 66.
Kd1 Nd4 67. Ke1 Bd5 68. Kd1 Be4 69. Kc1 Ne2+ 70. Kd1 Kd3 71. Ke1 Ke3 72. Kd1
Bd3 73. Ke1 Bc2 74. Kf1 Nf4 75. Ke1 Ng2+ 76. Kf1 Kf3 77. Kg1 Bd3 78. Kh2 Nf4
79. Kg1 Kg3 80. Kh1 Ba6 0-1

[Event "Campeonato de España Absoluto"]
[Site "Ayamonte ESP"]
[Date "2007.11.10"]
[Round "1.21"]
[White "Illescas Cordoba, Miguel"]
[Black "Fernandez Siles, Luis"]
[Result "1-0"]
[WhiteElo "2598"]
[BlackElo "2310"]
[PlyCount "119"]
[EventDate "2007.11.09"]
[EventType "k.o."]
[EventCountry "ESP"]
[Source "lmi"]
[SourceDate "2007.11.09"]

1. d4 d5 2. Nf3 Nf6 3. c4 c6 4. e3 a6 5. Nc3 b5 6. b3 Bg4 7. h3 Bxf3 8. Qxf3 e5
9. c5 Nbd7 10. Qd1 g6 11. Be2 Bg7 12. O-O O-O 13. Bf3 Re8 14. Qc2 exd4 15. exd4
Nf8 16. Be3 Ne6 17. Rfd1 Ra7 18. b4 a5 19. bxa5 Qxa5 20. a4 b4 21. Ne2 Nd7 22.
Nc1 f5 23. Nb3 Qc7 24. a5 Ndf8 25. Ra4 Rb8 26. Bc1 Bf6 27. Be2 Qg7 28. Qd3 Ng5
29. Bxg5 Bxg5 30. Qg3 Re8 31. Bf1 Bd8 32. Qb8 Qd7 33. Qxb4 Bc7 34. a6 Bb8 35.
Nd2 g5 36. Ra3 Ng6 37. Qb1 Qc7 38. Rg3 Qe7 39. Re3 Qd8 40. Rxe8+ Qxe8 41. Nf3
g4 42. Re1 Qf8 43. Ng5 gxh3 44. Nxh3 Rg7 45. Qb6 Nh4 46. Kh1 Qc8 47. Rb1 Ba7
48. Qa5 Re7 49. Qd2 Ng6 50. Qg5 Bb8 51. Kg1 Kg7 52. Bd3 Rf7 53. Qh5 h6 54. g3
Ne7 55. Rb7 Bc7 56. Kg2 Ng6 57. Bxf5 Rxf5 58. Rxc7+ Qxc7 59. Qxf5 Qa7 60. Qc8
1-0

[Event "Campeonato de España Absoluto"]
[Site "Ayamonte ESP"]
[Date "2007.11.10"]
[Round "1.22"]
[White "Gomez Esteban, Juan Mario"]
[Black "Moreno Ruiz, Javier"]
[Result "1/2-1/2"]
[WhiteElo "2490"]
[BlackElo "2466"]
[PlyCount "103"]
[EventDate "2007.11.09"]
[EventType "k.o."]
[EventCountry "ESP"]
[Source "lmi"]
[SourceDate "2007.11.09"]

1. e4 c5 2. Nf3 Nc6 3. d4 cxd4 4. Nxd4 g6 5. c4 Bg7 6. Be3 Nf6 7. Nc3 O-O 8.
Be2 d6 9. O-O Bd7 10. Qd2 Nxd4 11. Bxd4 Bc6 12. Bd3 a5 13. Rfe1 Nd7 14. Bxg7
Kxg7 15. Re3 h6 16. Rh3 Rh8 17. Bf1 a4 18. Qd4+ f6 19. Re1 Qa5 20. Rhe3 Rad8
21. f4 Qc5 22. Qd2 e5 23. f5 g5 24. Kh1 Qb4 25. a3 Qc5 26. Nd1 Nb6 27. Rc3 Rc8
28. Qe2 Rhd8 29. Nf2 Be8 30. Nd3 Qa5 31. Rec1 Nd7 32. Nb4 Bf7 33. Qe3 Nc5 34.
Rd1 Nb3 35. h3 Qc5 36. Qe1 Qb6 37. Be2 Rc5 38. Bd3 Rdc8 39. Qf1 Na5 40. Rdc1
Nb3 41. R1c2 Nd4 42. Rf2 Qc7 43. Qd1 Qd7 44. Nc2 Bxc4 45. Nxd4 exd4 46. Rxc4
Rxc4 47. Bxc4 Rxc4 48. Rd2 Qc7 49. Qh5 Qf7 50. Qd1 Qc7 51. Qh5 Qf7 52. Qd1
1/2-1/2

[Event "Campeonato de España Absoluto"]
[Site "Ayamonte ESP"]
[Date "2007.11.10"]
[Round "1.23"]
[White "San Segundo Carrillo, Pablo"]
[Black "Lariño Nieto, David"]
[Result "1/2-1/2"]
[WhiteElo "2536"]
[BlackElo "2428"]
[PlyCount "120"]
[EventDate "2007.11.09"]
[EventType "k.o."]
[EventCountry "ESP"]
[Source "lmi"]
[SourceDate "2007.11.09"]

1. d4 e6 2. c4 c5 3. Nf3 Nf6 4. g3 cxd4 5. Nxd4 e5 6. Nb5 d5 7. cxd5 Bc5 8.
N5c3 Qb6 9. e3 Bg4 10. Qa4+ Bd7 11. Qb3 Qxb3 12. axb3 Bf5 13. f3 Bc2 14. Bc4 e4
15. Na3 Bxa3 16. bxa3 exf3 17. O-O Nbd7 18. Rxf3 O-O 19. Bb2 Ne5 20. Rf4 Nfg4
21. Nb5 g5 22. Bxe5 gxf4 23. Bxf4 a6 24. Nc7 Rad8 25. h3 Nf6 26. Bh6 Rd7 27.
Bxf8 Kxf8 28. Rf1 b5 29. Be2 Rd6 30. Ne6+ Ke7 31. Nd4 Be4 32. Nf5+ Bxf5 33.
Rxf5 Nxd5 34. a4 Ke6 35. Rh5 Nf6 36. Bg4+ Nxg4 37. hxg4 Rd5 38. Rh6+ f6 39.
Rxh7 bxa4 40. bxa4 Ra5 41. Kf2 Rxa4 42. Kf3 a5 43. Rh5 Ra1 44. Rb5 a4 45. g5 a3
46. Rb6+ Ke5 47. Rb5+ Ke6 48. Rb6+ Ke5 49. Rb5+ Kd6 50. Ke4 a2 51. Rb6+ Kc5 52.
Ra6 fxg5 53. g4 Kc4 54. Ra8 Kc3 55. Ra7 Kb3 56. Rb7+ Kc2 57. Ra7 Kd2 58. Ra8
Ke2 59. Ra7 Kf2 60. Kf5 Kxe3 1/2-1/2

[Event "Campeonato de España Absoluto"]
[Site "Ayamonte ESP"]
[Date "2007.11.10"]
[Round "1.24"]
[White "Narciso Dublan, Marc"]
[Black "Andres Gonzalez, Alberto"]
[Result "1/2-1/2"]
[WhiteElo "2546"]
[BlackElo "2435"]
[PlyCount "102"]
[EventDate "2007.11.09"]
[EventType "k.o."]
[EventCountry "ESP"]
[Source "lmi"]
[SourceDate "2007.11.09"]

1. d4 Nf6 2. c4 e6 3. Nc3 Bb4 4. Qc2 O-O 5. a3 Bxc3+ 6. Qxc3 b5 7. cxb5 c6 8.
a4 Ne4 9. Qc2 d5 10. Nf3 cxb5 11. axb5 Bd7 12. e3 Qb6 13. Bd3 Bxb5 14. Qb3 Nd6
15. Bxb5 Nxb5 16. Ne5 f6 17. Nd3 Nd7 18. Bd2 Rfc8 19. O-O Nd6 20. Qa4 Qc6 21.
Bb4 Nc4 22. b3 Nd6 23. Bxd6 Qxd6 24. Rfc1 Nb6 25. Qb5 Rxc1+ 26. Rxc1 Rb8 27. g3
e5 28. dxe5 fxe5 29. Rc6 Qe7 30. Qc5 Re8 31. Rc7 Qxc5 32. Nxc5 Rc8 33. Rxc8+
Nxc8 34. e4 dxe4 35. Nxe4 Kf7 36. Kf1 h6 37. Ke2 Ke6 38. Kd3 Nd6 39. Nc3 a5 40.
g4 Kd7 41. Ne2 Kc6 42. f4 exf4 43. Nxf4 Kc5 44. Ne6+ Kb4 45. Kc2 Ne4 46. Nxg7
Nf2 47. h3 Nxh3 48. Nf5 Nf2 49. Nxh6 a4 50. bxa4 Nxg4 51. Nxg4 Kxa4 1/2-1/2

[Event "Campeonato de España Absoluto"]
[Site "Ayamonte ESP"]
[Date "2007.11.10"]
[Round "1.25"]
[White "Lopez Martinez, Josep Manuel"]
[Black "Mascaro March, Pedro"]
[Result "1-0"]
[WhiteElo "2563"]
[BlackElo "2370"]
[PlyCount "89"]
[EventDate "2007.11.09"]
[EventType "k.o."]
[EventCountry "ESP"]
[Source "lmi"]
[SourceDate "2007.11.09"]

1. e4 c5 2. Nf3 d6 3. d4 cxd4 4. Nxd4 Nf6 5. Nc3 Nc6 6. Bg5 Bd7 7. f3 Qa5 8.
Be3 Nxd4 9. Qxd4 g6 10. Qd2 Bg7 11. Nb5 Qxd2+ 12. Kxd2 Bxb5 13. Bxb5+ Nd7 14.
Rab1 a6 15. Be2 Rc8 16. c4 O-O 17. b4 Rfd8 18. Rhc1 e6 19. Kc2 d5 20. Kb3 dxe4
21. Rd1 Ne5 22. fxe4 Nc6 23. Rxd8+ Rxd8 24. Rd1 Nd4+ 25. Ka4 Kf8 26. c5 Ke7 27.
Bxd4 Rxd4 28. Rxd4 Bxd4 29. Ka5 Kd7 30. Kb6 Kc8 31. e5 Bxe5 32. Bf3 Kb8 33.
Bxb7 a5 34. b5 Bxh2 35. a4 Bg1 36. Bf3 f5 37. Kc6 e5 38. b6 e4 39. Be2 h5 40.
Kb5 h4 41. c6 Bh2 42. Kxa5 g5 43. Kb5 g4 44. a5 h3 45. gxh3 1-0

[Event "Campeonato de España Absoluto"]
[Site "Ayamonte ESP"]
[Date "2007.11.10"]
[Round "1.26"]
[White "Oms Pallise, Josep"]
[Black "Llaneza Vega, Marcos"]
[Result "1/2-1/2"]
[WhiteElo "2506"]
[BlackElo "2426"]
[PlyCount "138"]
[EventDate "2007.11.09"]
[EventType "k.o."]
[EventCountry "ESP"]
[Source "lmi"]
[SourceDate "2007.11.09"]

1. d4 Nf6 2. c4 g6 3. Nc3 d5 4. Nf3 Bg7 5. cxd5 Nxd5 6. Na4 c6 7. e4 Nc7 8. h3
O-O 9. Be2 Ne6 10. Be3 f5 11. e5 f4 12. Bc1 c5 13. d5 Nd4 14. Nc3 Nxf3+ 15.
Bxf3 Bxe5 16. O-O Nd7 17. Re1 Qb6 18. Bg4 Bd6 19. Be6+ Kg7 20. b3 Be5 21. Bb2
Bf6 22. Qc2 Ne5 23. Na4 Qc7 24. Nxc5 b6 25. Qe4 Nf3+ 26. Qxf3 Bxb2 27. Rab1
Qxc5 28. Rxb2 Bxe6 29. dxe6 Rad8 30. Rbe2 Rf5 31. Re4 Rd2 32. Rxf4 Rxa2 33.
Rxf5 Qxf5 34. Qe3 Qf6 35. g3 Ra1 36. Rxa1 Qxa1+ 37. Kg2 Kf6 38. Qh6 Qe5 39.
Qh4+ Kxe6 40. Qxh7 Qe4+ 41. Kh2 a5 42. h4 Qf5 43. Qg8+ Kd7 44. Kg2 b5 45. Qa8
b4 46. Qb7+ Ke6 47. Qc6+ Kf7 48. Qc4+ Kf6 49. g4 Qe6 50. Qf4+ Kg7 51. Qg5 Qxb3
52. Qxe7+ Qf7 53. Qe5+ Kh7 54. Qxa5 Qb7+ 55. Kg3 b3 56. h5 b2 57. hxg6+ Kxg6
58. Qf5+ Kg7 59. Qe5+ Kf7 60. Qf5+ Ke8 61. Qe5+ Kd8 62. Qh8+ Kc7 63. Qe5+ Kc6
64. Qc3+ Kd6 65. Qf6+ Kc5 66. Qc3+ Kd6 67. Qf6+ Kd7 68. Qg7+ Kc8 69. Qh8+ Kc7
1/2-1/2

[Event "Campeonato de España Absoluto"]
[Site "Ayamonte ESP"]
[Date "2007.11.10"]
[Round "1.27"]
[White "Del Rio Angelis, Salvador Gabriel"]
[Black "Llanes Hurtado, Miguel"]
[Result "1/2-1/2"]
[WhiteElo "2512"]
[BlackElo "2459"]
[PlyCount "41"]
[EventDate "2007.11.09"]
[EventType "k.o."]
[EventCountry "ESP"]
[Source "lmi"]
[SourceDate "2007.11.09"]

1. e4 e5 2. Nf3 Nf6 3. Nxe5 d6 4. Nf3 Nxe4 5. d4 d5 6. Bd3 Nc6 7. O-O Be7 8. c4
Nf6 9. cxd5 Nxd5 10. Nc3 Be6 11. a3 O-O 12. h3 Bf6 13. Qc2 g6 14. Bh6 Bg7 15.
Bxg7 Kxg7 16. Bb5 Nce7 17. Rfe1 Nf5 18. Rad1 c6 19. Bd3 Nh4 20. Nxh4 Qxh4 21.
Re4 1/2-1/2

[Event "Campeonato de España Absoluto"]
[Site "Ayamonte ESP"]
[Date "2007.11.10"]
[Round "1.28"]
[White "Khamrakulov, Ibragim S"]
[Black "Huerga Leache, Mikel"]
[Result "1/2-1/2"]
[WhiteElo "2604"]
[BlackElo "2440"]
[PlyCount "62"]
[EventDate "2007.11.09"]
[EventType "k.o."]
[EventCountry "ESP"]
[Source "lmi"]
[SourceDate "2007.11.09"]

1. e4 c5 2. c3 d5 3. exd5 Qxd5 4. d4 Nf6 5. Nf3 e6 6. Na3 Qd8 7. Bf4 Nc6 8.
dxc5 Nd5 9. Bd6 Bxd6 10. cxd6 Qxd6 11. Nb5 Qe7 12. c4 a6 13. Nbd4 Ndb4 14. a3
Nxd4 15. Nxd4 Nc6 16. Nxc6 bxc6 17. Be2 O-O 18. O-O c5 19. Bf3 Rb8 20. Rb1 Rd8
21. Qe2 a5 22. Qe1 Qc7 23. b4 cxb4 24. axb4 axb4 25. Rxb4 Rxb4 26. Qxb4 Ba6 27.
Be2 g6 28. Ra1 Qe5 29. Qa5 Qxa5 30. Rxa5 Bb7 31. f3 Kf8 1/2-1/2

[Event "Campeonato de España Absoluto"]
[Site "Ayamonte ESP"]
[Date "2007.11.11"]
[Round "1.35"]
[White "Mascaro March, Pedro"]
[Black "Lopez Martinez, Josep Manuel"]
[Result "0-1"]
[WhiteElo "2370"]
[BlackElo "2563"]
[PlyCount "54"]
[EventDate "2007.11.09"]
[EventType "k.o."]
[EventCountry "ESP"]
[Source "lmi"]
[SourceDate "2007.11.09"]

1. d4 d5 2. c4 c6 3. Nc3 Nf6 4. e3 e6 5. Nf3 a6 6. Bd3 dxc4 7. Bxc4 b5 8. Bd3
c5 9. dxc5 Bxc5 10. O-O Bb7 11. Qe2 Nbd7 12. e4 Qb8 13. h3 O-O 14. Bg5 Bd6 15.
Rad1 Bf4 16. Bc2 Bxg5 17. Nxg5 Qf4 18. Nf3 Nc5 19. g3 Qh6 20. e5 Qh5 21. Nh4
Qxe2 22. Nxe2 Nd5 23. a3 b4 24. Ng2 Rac8 25. Ngf4 bxa3 26. bxa3 Nd7 27. Nxd5
Bxd5 0-1

[Event "Campeonato de España Absoluto"]
[Site "Ayamonte ESP"]
[Date "2007.11.11"]
[Round "1.37"]
[White "Del Rio Angelis, Salvador Gabriel"]
[Black "Llanes Hurtado, Miguel"]
[Result "1-0"]
[WhiteElo "2512"]
[BlackElo "2459"]
[PlyCount "77"]
[EventDate "2007.11.09"]
[EventType "k.o."]
[EventCountry "ESP"]
[Source "lmi"]
[SourceDate "2007.11.09"]

1. e4 e5 2. Nf3 Nf6 3. Nxe5 d6 4. Nf3 Nxe4 5. d4 d5 6. Bd3 Nc6 7. O-O Be7 8. c4
Nf6 9. Nc3 Be6 10. cxd5 Nxd5 11. Re1 O-O 12. a3 Bf6 13. Be4 h6 14. Qd3 Nxc3 15.
bxc3 Bd5 16. Bxd5 Qxd5 17. Bf4 Qd7 18. Nd2 Be7 19. Qg3 Bd6 20. Ne4 Bxf4 21.
Nf6+ Kh8 22. Nxd7 Bxg3 23. Nxf8 Bf4 24. Nd7 Bd2 25. d5 Na5 26. Re7 Bxc3 27. Ra2
b5 28. Rc2 b4 29. axb4 Bxb4 30. Rxf7 Bd6 31. Nc5 Rb8 32. g3 Rb1+ 33. Kg2 Nb3
34. Ne4 Be5 35. f4 Nd4 36. Rd2 Re1 37. fxe5 Rxe4 38. Rxc7 Nf5 39. d6 1-0

[Event "Campeonato de España Absoluto"]
[Site "Ayamonte ESP"]
[Date "2007.11.11"]
[Round "1.45"]
[White "Lopez Martinez, Josep Manuel"]
[Black "Mascaro March, Pedro"]
[Result "1-0"]
[WhiteElo "2563"]
[BlackElo "2370"]
[PlyCount "111"]
[EventDate "2007.11.09"]
[EventType "k.o."]
[EventCountry "ESP"]
[Source "lmi"]
[SourceDate "2007.11.09"]

1. e4 e5 2. Nf3 d6 3. d4 exd4 4. Nxd4 Nf6 5. Nc3 Be7 6. Nde2 O-O 7. g3 Re8 8.
Bg2 Nbd7 9. O-O Bf8 10. Be3 Ng4 11. Bf4 Nc5 12. Nd4 Nf6 13. Re1 Ne6 14. Be3
Nxd4 15. Bxd4 Be6 16. Qd2 c6 17. Rad1 Nd7 18. Ne2 f6 19. Bc3 Ne5 20. Nd4 Bg4
21. f3 Bd7 22. Kh1 Qc7 23. Ba5 b6 24. Bc3 Rad8 25. f4 Nf7 26. Qd3 Qc8 27. Qc4
a6 28. Qf1 c5 29. Nf3 Bc6 30. Nd2 Qb7 31. b3 b5 32. Ba5 Rd7 33. c4 Rde7 34. g4
Nd8 35. Bc3 Nf7 36. Qf2 b4 37. Bb2 a5 38. h4 a4 39. g5 fxg5 40. hxg5 g6 41. Bf6
Bg7 42. Bxg7 Kxg7 43. Re3 axb3 44. axb3 Qa7 45. Rh3 Qa2 46. f5 Qc2 47. Rf1 Kg8
48. fxg6 Nxg5 49. gxh7+ Rxh7 50. Rxh7 Nxh7 51. Qg3+ Kh8 52. Qxd6 Ba8 53. Qh6
Rg8 54. Rf7 Bxe4 55. Bxe4 Qc1+ 56. Rf1 1-0

[Event "Campeonato de España Absoluto"]
[Site "Ayamonte ESP"]
[Date "2007.11.11"]
[Round "1.47"]
[White "Llanes Hurtado, Miguel"]
[Black "Del Rio Angelis, Salvador Gabriel"]
[Result "1/2-1/2"]
[WhiteElo "2459"]
[BlackElo "2512"]
[PlyCount "157"]
[EventDate "2007.11.09"]
[EventType "k.o."]
[EventCountry "ESP"]
[Source "lmi"]
[SourceDate "2007.11.09"]

1. d4 Nf6 2. c4 e6 3. Nf3 c5 4. d5 d6 5. Nc3 exd5 6. cxd5 g6 7. Bf4 a6 8. a4
Bg7 9. e4 Bg4 10. Be2 O-O 11. O-O Qe7 12. Nd2 Bxe2 13. Qxe2 Nh5 14. Be3 Nd7 15.
a5 Rfb8 16. g4 Nhf6 17. f3 b5 18. axb6 Nxb6 19. Rxa6 Rxa6 20. Qxa6 Nfxd5 21.
Nxd5 Nxd5 22. Bf2 Nb6 23. b4 Qb7 24. Qxb7 Rxb7 25. bxc5 dxc5 26. Rb1 Bc3 27.
Bxc5 Bxd2 28. Rxb6 Rxb6 29. Bxb6 Kf8 30. Bc5+ Ke8 31. Kf2 Kd7 32. Be3 Bc3 33.
f4 Ke6 34. f5+ gxf5 35. gxf5+ Ke7 36. Bc5+ Ke8 37. Ke3 Be5 38. h3 Bg7 39. Kf4
f6 40. Kg4 Bh6 41. Bd6 Kf7 42. Bf4 Bf8 43. Kh5 Kg8 44. Bd2 Kf7 45. Bc3 Bg7 46.
Bb4 Kg8 47. Bd2 Bf8 48. Bc3 Bg7 49. Bb4 Kf7 50. Bd6 Kg8 51. h4 Kf7 52. Kg4 Bh6
53. Bf4 Bg7 54. h5 Bf8 55. Kf3 Ba3 56. Ke2 Bb2 57. Kd3 Ba1 58. Kc4 Bb2 59. Kd5
Bc3 60. Bc1 Be5 61. Be3 Bg3 62. Bd4 Bf4 63. Bc3 Bg3 64. Bd4 Bf4 65. Bc5 Be5 66.
Bd6 Bb2 67. e5 Bxe5 68. Bxe5 fxe5 69. Kxe5 Ke7 70. f6+ Kf7 71. Kf5 Ke8 72. Ke6
Kf8 73. Kf5 Kf7 74. Kg5 Ke6 75. h6 Kf7 76. Kf5 Kf8 77. Ke6 Ke8 78. f7+ Kf8 79.
Kf6 1/2-1/2

[Event "Campeonato de España Absoluto"]
[Site "Ayamonte ESP"]
[Date "2007.11.11"]
[Round "2.13"]
[White "Lopez Martinez, Josep Manuel"]
[Black "Oms Pallise, Josep"]
[Result "1/2-1/2"]
[WhiteElo "2563"]
[BlackElo "2506"]
[PlyCount "92"]
[EventDate "2007.11.09"]
[EventType "k.o."]
[EventCountry "ESP"]
[Source "lmi"]
[SourceDate "2007.11.09"]

1. e4 c5 2. Nf3 Nc6 3. d4 cxd4 4. Nxd4 g6 5. c4 Nf6 6. Nc3 d6 7. Nc2 Bg7 8. Be2
O-O 9. O-O Nd7 10. Bd2 Nc5 11. b4 Ne6 12. Rb1 Ncd4 13. Nxd4 Nxd4 14. Bd3 a6 15.
Nd5 e6 16. Ne3 b5 17. a4 bxc4 18. Nxc4 d5 19. exd5 exd5 20. Na5 Qh4 21. Be3 Bg4
22. f3 Be5 23. g3 Bxg3 24. Rb2 Bh3 25. hxg3 Qxg3+ 26. Kh1 Bxf1 27. Bxd4 Qh4+
28. Rh2 Qxd4 29. Qxf1 Qxb4 30. Nc6 Qd6 31. Nd4 Rfe8 32. Re2 Qb4 33. Qa1 a5 34.
Nf5 d4 35. Qxd4 Qxd4 36. Nxd4 Rxe2 37. Bxe2 Kg7 38. Kg2 Rd8 39. Nc6 Rc8 40. Bb5
Ra8 41. Kg3 Kf6 42. Bc4 h5 43. f4 Rc8 44. Bb5 Ra8 45. Bc4 Rc8 46. Bb5 Ra8
1/2-1/2